000 01164nam a2200325 i 4500
001 bg
100 1 _aANISZEWSKA, Grażyna
245 1 0 _aSposoby edukacji, informowania i szkoleń /
_cGrażyna Aniszewska, Ryszard Dobrowolski, Piotr Wiśniewski ; Biuro Koordynacji Projektu Banku Światowego.
260 _aWrocław :
_b"Safege" :
_bBKPBŚ,
_ccop. 2001.
300 _a156 s. :
_bil. ;
_c23 cm.
490 1 _aOgraniczanie Skutków Powodzi w Skali Lokalnej
504 _aBibliogr.
650 9 _aPowódź
_xinformacja
650 9 _aPowódź
_xzapobieganie i zwalczanie
650 9 _aSamorząd terytorialny
_xa powódź
650 9 _aSpołeczności lokalne
_xszkolenie
650 9 _aSzkody popowodziowe
_xzwalczanie
655 _aPodręczniki
700 1 _aDOBROWOLSKI, Ryszard
700 1 _aWIŚNIEWSKI, Piotr
710 0 _aBiuro Koordynacji Projektu Banku Światowego (Wrocław)
830 _aOgraniczanie Skutków Powodzi w Skali Lokalnej
020 _a8391497461
040 _cBPK
041 0 _apl
080 _a556.166:352/353:374:316.334.5:659.4](07)
920 _a83-914974-6-1
942 _cKS
008 s pl f |000 0 pol
999 _c42246
_d42246
856 _uhttp://koha.tu.koszalin.pl/cgi-bin/koha/opac-detail.pl?biblionumber=42246
_yKatalog online BPK